000 00742nam a22002177a 4500
999 _c4963
_d4963
003 AR-CdUCM
008 190311b ||||| |||| 00| 0 spa d
040 _aMUNICIPALIDAD PROVINCIAL DEL CUSCO
_cBIBLIOTECA MUNICIPAL DEL CUSCO
082 _a811.082 /
_bA62
245 _aAntología de la poesía norteamericana /
260 _aMadrid :
_bAguilar,
_c1963.
300 _a504 páginas ;
_c20.5 cm.
440 _aColección literaria novelistas, dramaturgos, ensayistas, poetas
_912935
500 _aDonación familia Nieto
650 _aPoesía norteamericana
_91918
650 _aSiglo XX
_98
700 _aCoronel Urtecho, José (traductor)
_915214
700 _aCardenal, Ernesto (traductor)
_915215
942 _2ddc
_cLIBROS
945 _aafb